Historia de la pintura nicaragüense
שמור ב:
| מחבר ראשי: | |
|---|---|
| פורמט: | לא ידוע |
| שפה: | Spanish |
| יצא לאור: |
Managua, Nicaragua :
[editor no identificado],
1994.
|
| מהדורה: | 5. edición |
| נושאים: | |
| תגים: |
הוספת תג
אין תגיות, היה/י הראשונ/ה לתייג את הרשומה!
|
MARC
| LEADER | 000000000a22000000004500 | ||
|---|---|---|---|
| 001 | 002833 | ||
| 041 | 0 | |a spa | |
| 082 | 0 | 4 | |a 759.728.5 |b A679h5 1994 |
| 100 | 1 | |a Arellano, Jorge Eduardo | |
| 245 | 1 | 0 | |a Historia de la pintura nicaragüense |
| 250 | |a 5. edición | ||
| 260 | 1 | |a Managua, Nicaragua : |b [editor no identificado], |c 1994. | |
| 300 | |a 188 páginas : |b fotografías, ilustraciones, retratos | ||
| 500 | |a La biblioteca posee otro ejemplar con número de inscripción 14181 | ||
| 650 | 4 | |a HISTORIA | |
| 650 | 4 | |a SIGLO XX | |
| 650 | 4 | |a BIOGRAFIA | |
| 650 | 4 | |a PINTORES NICARAGUENSES | |
| 999 | |c 9185 |d 9185 | ||
| 942 | |c BK |h 759.728.5 A679h5 1994 |2 z | ||
